Word Ladder: Question From a Baha-Man Quiz Stats

 Plays Quiz Updated Aug 6, 2017

Support Sporcle.
Go Orange.
Score 0/18 Timer 02:00
3 Plays Today
Hint Word % Correct
Most common English word•THE•
95.2%
British toiletLOO
94.7%
Mane Zodiac signLEO
91.6%
Stick in a pool hallCUE
90.7%
Place for a used car purchaseLOT
90.4%
Appendage with a nailTOE
90.2%
Little kidTOT
89.6%
Fawn's maDOE
89.3%
Revolutionary GuevaraCHE
89%
Hint Word % Correct
Scheduled to arriveDUE
88.7%
Tennis serve that is replayed•LET•
86.8%
To courtWOO
86.7%
'Won't Get Fooled Again' Band - The ___•WHO•
85.3%
Slang for marijuanaPOT
79.7%
Canis Major, the ___ Star•DOG•
72.2%
Throw a shotPUT
69.3%
Baseball fielder's goal•OUT?•
69.1%
Milk bottle cap from 90s game crazePOG
67.1%

Today's Daily Dose

You're not logged in!

Compare scores with friends on all Sporcle quizzes.
OR
Log In
Forgot?

From the Vault

5 Countries That Border Kazakhstan

by lolshortee

We're fairly certain it doesn't border Australia, but that's the only hint we're giving away.
Remove Ads.
Support Sporcle.
Get the best of Sporcle when you Go Orange. This ad-free experience offers more features, more stats, and more fun while also helping to support Sporcle. Thank you for becoming a member.

Show Comments

Extras

Top Quizzes Today


Score Distribution

Your Account Isn't Verified!

In order to create a playlist on Sporcle, you need to verify the email address you used during registration. Go to your Sporcle Settings to finish the process.

Report this User

Report this user for behavior that violates our Community Guidelines.

Details: